Responses for Show #6414 - Thursday, July 5, 2012

Contestants

[<< previous game]

Stephanie Fontaine, an analyst from Arlington, Virginia

Chris Sullivan, a land protection specialist from Traverse City, Michigan

Ron King, a web designer from Camarillo, California (whose 1-day cash winnings total $13,601)

[next game >>]

Jeopardy! Round responses

THE OCCULT
STOCK SYMBOLS
SPARE ME!
ONLY PARTLY TRUE
GEOGRAPHICALLY IN BETWEEN
"B" RIGHT
    $200 1
a Ouija board

Chris
    $200 26
Aetna

Stephanie
    $200 16
(Ron: What is a baseline?)

the foul line

RonChris
    $200 2
Daniel Boone

Stephanie
    $200 21
North Korea

Stephanie
    $200 11
the comb

Ron
    $400 7
a zodiac

Stephanie
    $400 27
Shutterfly

Chris
    $400 17
(Stephanie: What is a shot?)
(Chris: What is a double shot?)

a double

ChrisStephanie
Triple Stumper
    $400 3
the White House

Chris
    $400 22
(Stephanie: What is Andorra?)

France

RonStephanie
    $400 12
to ad lib

Ron
    $600 8
magic

Ron
    $1,000 28
Wells Fargo

Chris
    $600 18
par

Stephanie
    $600 4
xenophobia

Stephanie
    $600 23
Latvia

Stephanie
    $600 13
a cobweb

Chris
    $800 9
Uri Geller

Ron
    $800 29
Del Monte

Triple Stumper
    $800 19
dive

Ron
    $800 5
the Colossus of Rhodes

Stephanie
    $800 24
Pakistan

Stephanie
    $800 14
to absorb

Chris
    $1000 10
augury

Stephanie
    $1000 30
Motorola

Ron
    $1000 20
the 10 pin

Chris
    $1000 6
hawk

Chris
    $1000 25
Panama

Ron
    $1000 15
rhubarb

Ron

Scores at the first commercial break (after clue 15):

Ron Chris Stephanie
$3,000 $3,000 $3,000

Scores at the end of the Jeopardy! Round:

Ron Chris Stephanie
$6,000 $5,200 $4,600

Double Jeopardy! Round responses

THAT'S TOTALLY HOT!
TITLE ACTORS
SHAKESPEARE, SHAKESPEARE, FIGHT FIGHT FIGHT!
"O" MY
THE 1830s
YOU DO KNOW JACK
    $400 17
a laser

Ron
    $400 12
Woody Harrelson

Chris
    $400 26
Romeo and Juliet

Chris
    $400 1
an optimist

Stephanie
    $400 11
the Falklands

Chris
    $400 6
Jack Frost

Stephanie
    $800 18
a volcano

Ron
    $800 13
Ernest Borgnine

Ron
    $800 27
Hamlet

Stephanie
    $800 2
omnipotent

Stephanie
    $800 22
a star

Stephanie
    $800 7
Johnny Depp

Ron
    $1200 19
plasma

Stephanie
    $1200 14
Cate Blanchett

Chris
    $1200 28
Iago

Ron
    $1200 3
ostracize

Stephanie
    $1200 23
Belgium

Stephanie
    $1200 8
Jack & Jill

Stephanie
    $1600 20
tungsten

Triple Stumper
    $1600 15
John Turturro

Triple Stumper
    $1600 29
A Midsummer Night's Dream

Chris
    $1600 4
ossification

Chris
    $1600 24
the Anti-Masonic Party

Triple Stumper
    $1600 9
(Chris: What is "Go out the back"?)

"Slip out the back"

Chris
Triple Stumper
    $2000 21
a solar flare

Ron
    $2000 16
(Ron: Who is Chris Hemstreet?)

Chris Hemsworth

Ron
Triple Stumper
    $1,000 30
(Chris: What is King Lear?)

Macbeth

Chris
    $2,000 5
(Chris: [No answer])

an octant

Chris
    $2000 25
Cape Colony

Triple Stumper
    $2000 10
jackboots

Triple Stumper

Scores at the end of the Double Jeopardy! Round:

Ron Chris Stephanie
$10,000 $6,200 $12,600

[wagering suggestions for these scores]

Final Jeopardy! Round responses

FACTS & FIGURES
ChrisWhat is New York
$1,000
RonWhat is New York?
$2,401
StephanieWhat is New York
$100
New York

Final scores:

Ron Chris Stephanie
$12,401 $7,200 $12,700
2nd place: $2,000 3rd place: $1,000 New champion: $12,700

Game dynamics:

Coryat scores:

Ron Chris Stephanie
$10,000 $8,800 $12,600
15 R,
2 W
15 R
(including 1 DD),
4 W
(including 2 DDs)
19 R,
2 W

Combined Coryat: $31,400

[game clues] [game scores] [suggest correction]

Game tape date: 2012-02-22
The J! Archive is created by fans, for fans. Scraping, republication, monetization, and malicious use prohibited; this site may use cookies and collect identifying information. See terms. The Jeopardy! game show and all elements thereof, including but not limited to copyright and trademark thereto, are the property of Jeopardy Productions, Inc. and are protected under law. This website is not affiliated with, sponsored by, or operated by Jeopardy Productions, Inc. Join the discussion at JBoard.tv.